| 000 | 01071nas a2200361 4500 | ||
|---|---|---|---|
| 001 | BR0203889 | ||
| 003 | BR-BrBNA | ||
| 005 | 20231205103141.0 | ||
| 007 | ta | ||
| 008 | 230509b bl.|||p| |||| 00| 00por d | ||
| 040 |
_aBR-BrBNA _bpor _cBiblioteca Nacional de Agricultura |
||
| 041 | _a(Pt) | ||
| 072 | _aF60; F02 | ||
| 100 | 1 | _aRodrigues, A.C. | |
| 100 | 1 | _aDiniz, A.C. | |
| 100 | 1 | _aFachinello, J.C. | |
| 100 | 1 | _aSilva, J.B. da | |
| 100 | 1 | _aFaria, J.L.C. | |
| 245 | 1 | _aPeroxidases e fenóis totais em tecidos de porta-enxertos de Prunus sp. nos períodos de crescimento vegetativo e de dormência | |
| 650 | _aPÊSSEGO | ||
| 650 | _aAMEIXA | ||
| 650 | _aPORTA ENXERTO | ||
| 650 | _aDORMÊNCIA | ||
| 650 | _aBIOQUÍMICA VEGETAL | ||
| 650 | _aFISIOLOGIA VEGETAL | ||
| 650 | _aCRESCIMENTO | ||
| 650 | _aFENOL | ||
| 650 | _aPEROXIDASE | ||
| 650 | _aRIO GRANDE DO SUL | ||
| 773 | 0 |
_tCiência Rural (Brazil) _xISSN 0103-8478 _g(Jul-Aug 2002), v. 32(4) p. 559-564 _wBR0203889 |
|
| 909 |
_a202311 _bLúcia _c55 _dLúcia Elande |
||
| 942 |
_2AGRIS _n0 _cANA |
||
| 999 |
_c171358 _d171358 |
||